000 00590 a2200205 4500
005 20250616133128.0
020 _a9780323594417
050 _aHF 5415
_bSMI 2020
100 _aSmith,Linda M
_eauthor
245 _aFordney's Medical Insurance /
_bLinda M Smith
250 _afifteenth
264 _aNew York :
_bElsevier,
_c2020
300 _a382 pages
_billustrations
336 _2rdacontent
_atext
_btxt
337 _2rdamedia
_aunmediated
_bn
338 _2rdacarrier
_avolume
_bnc
500 _aincludes index
650 _aMedical Insurance
942 _2lcc
_cBK
_efifteenth
_h5415
_iSMI
_kHF
999 _c11567
_d11567